History of the future (Record no. 11559)
[ view plain ]
| 000 -LEADER | |
|---|---|
| fixed length control field | 00602nam a2200205Ia 4500 |
| 003 - CONTROL NUMBER IDENTIFIER | |
| control field | IN-BaIIA |
| 008 - FIXED-LENGTH DATA ELEMENTS--GENERAL INFORMATION | |
| fixed length control field | 211028s9999 xx 000 0 eng d |
| 020 ## - INTERNATIONAL STANDARD BOOK NUMBER | |
| International Standard Book Number | 1-871307-69-4 |
| 040 ## - CATALOGING SOURCE | |
| Transcribing agency | IIA Library |
| 080 ## - UNIVERSAL DECIMAL CLASSIFICATION NUMBER | |
| Universal Decimal Classification number | 5(091)"313" |
| Item number | LOR |
| 100 ## - MAIN ENTRY--PERSONAL NAME | |
| Personal name | Lorie, P |
| 9 (RLIN) | 19957 |
| 245 #0 - TITLE STATEMENT | |
| Title | History of the future |
| Remainder of title | a chronology |
| Statement of responsibility, etc. | Lorie, P and S. Murray-Clark |
| 260 ## - PUBLICATION, DISTRIBUTION, ETC. | |
| Place of publication, distribution, etc. | London |
| Name of publisher, distributor, etc. | Pyramid Books |
| Date of publication, distribution, etc. | 1989 |
| 300 ## - PHYSICAL DESCRIPTION | |
| Extent | 224p. |
| 650 ## - SUBJECT ADDED ENTRY--TOPICAL TERM | |
| Topical term or geographic name entry element | Future |
| 9 (RLIN) | 19958 |
| 650 ## - SUBJECT ADDED ENTRY--TOPICAL TERM | |
| Topical term or geographic name entry element | History |
| 9 (RLIN) | 7064 |
| 650 ## - SUBJECT ADDED ENTRY--TOPICAL TERM | |
| Topical term or geographic name entry element | Science |
| 9 (RLIN) | 1299 |
| 700 ## - ADDED ENTRY--PERSONAL NAME | |
| Personal name | Murray-Clark, S. |
| 9 (RLIN) | 19959 |
| 942 ## - ADDED ENTRY ELEMENTS (KOHA) | |
| Koha item type | Books |
| Withdrawn status | Lost status | Damaged status | Not for loan | Home library | Current library | Shelving location | Date acquired | Cost, normal purchase price | Total Checkouts | Full call number | Barcode | Date last seen | Cost, replacement price | Price effective from | Koha item type | Purchase Price |
|---|---|---|---|---|---|---|---|---|---|---|---|---|---|---|---|---|
| IIA Library-Bangalore | IIA Library-Bangalore | General Stacks | 13/11/1995 | 450.00 | 5(091)"313"/ LOR | 12474 | 05/11/2021 | 450.00 | 13/11/1995 | Books | Rs. 450.00 |